LEADER 01285nam--2200385---450- 001 990002050460203316 005 20101213115402.0 035 $a000205046 035 $aUSA01000205046 035 $a(ALEPH)000205046USA01 035 $a000205046 100 $a20041005d1975----km-y0itay0103----ba 101 $aita 102 $aIT 105 $a||||||||001yy 200 1 $a<> stato giuridico e la carriera degli impiegati civili dello Stato$elegislazione, giurisprudenza, commento$fAntonio Bennati, Emidio Di Giambattista 210 $aNapoli$cJovene$d1975 215 $a895 p.$d25 cm 410 0$12001 454 1$12001 461 1$1001-------$12001 700 1$aBENNATI,$bAntonio$07326 701 1$aDI GIANBATTISTA,$bEmidio$0566821 801 0$aIT$bsalbc$gISBD 912 $a990002050460203316 951 $aXXV.2.E. 79 (IG V 162)$b31839/40 G.$cXXV.2.E. 79 (IG V)$d00172900 959 $aBK 969 $aGIU 979 $aSIAVPROV$b10$c20041005$lUSA01$h0910 979 $aSIAVPROV$b10$c20041005$lUSA01$h0916 979 $aSIAVPROV$b10$c20041005$lUSA01$h0917 979 $aRSIAV5$b90$c20090610$lUSA01$h1143 979 $aRSIAV2$b90$c20101213$lUSA01$h1154 996 $aStato giuridico e la carriera degli impiegati civili dello Stato$91040434 997 $aUNISA LEADER 01258nam--2200349---450- 001 990003653720203316 005 20120420105629.0 010 $a88-87385-16-5 035 $a000365372 035 $aUSA01000365372 035 $a(ALEPH)000365372USA01 035 $a000365372 100 $a20120420d2007----km-y0itay50------ba 101 0 $aita 102 $aIT 105 $a||||||||001yy 200 1 $aEdizioni ebraiche del XVI secolo del Centro bibliografico dell'ebraismo italiano dell'Unione delle comunità ebraiche italiane$ecatalogo$fa cura di Amedeo Spagnoletto 210 $aRoma$cLitos$d2007 215 $a382 p.$d24 cm 300 $aIn testa al frontespizio: Centro bibliografico dell'ebraismo italiano 606 0 $aCinquecentine ebraiche$xCataloghi$2BNCF 676 $a011.0931 700 1$aSPAGNOLETTO,$bAmedeo$0612154 801 0$aIT$bsalbc$gISBD 912 $a990003653720203316 951 $aI.2.C. 300$b231053 L.M.$cI.2.C.$d00309641 959 $aBK 969 $aUMA 979 $aPASSARO$b90$c20120420$lUSA01$h1051 979 $aPASSARO$b90$c20120420$lUSA01$h1056 996 $aEdizioni ebraiche del XVI secolo del Centro bibliografico dell'ebraismo italiano dell'Unione delle comunità ebraiche italiane$91139987 997 $aUNISA